| 000 | 01224cab a2200241 4500 | ||
|---|---|---|---|
| 001 | ABS67382 | ||
| 008 | 040105n2003 000 0 eng u | ||
| 035 | _a(Sirsi) u124704 | ||
| 100 | _aJones, P. | ||
| 245 | _aLiveability: slow cities and smart growth | ||
| 260 | _c2003 | ||
| 490 |
_aTown & Country Planning _v72(11) December 2003, 355-358(4) |
||
| 520 | _aExamines the concepts of slow cities and smart growth and assesses how applicable they are to development and regeneration in the United Kingdom. Suggests that Ludlow, a market town with a population of approximately 10 000 is the first urban area in the UK to embrace some elements of slow city thinking. Examples of smart growth can be found in the Thames Gateway expansion proposals and in"A new vision for York", a recent report commissioned by the Joseph Rowntree Foundation available at www.jrf.org.uk. | ||
| 590 | _aABS | ||
| 650 | _aURBAN QUALITY | ||
| 650 | _aSLOW CITIES | ||
| 650 | _aSMART GROWTH | ||
| 690 | _aREGENERATION | ||
| 700 | _aHillier, D. | ||
| 700 | _aComfort, D. | ||
| 856 |
_uhttps://www.jrf.org.uk/knowledge/findings/summary/353.asp _zView "A new vision for York" on the Joseph Rowntree Foundation website... |
||
| 942 | _n0 | ||
| 999 |
_c74008 _d74008 |
||